Vplyv podnikateľského modelu a stratégie na výkon startupu

Analýza vplyvu podnikateľského modelu a podnikateľskej stratégie na výkon startupu. Podnikateľský model a podnikateľská stratégia.

Guardado en:
Detalles Bibliográficos
Autor principal: Hagarová, Ráchel, 1990-
Otros Autores: Slávik, Štefan, 1955-
Formato: Capítulo de libro
Lenguaje:eslovaco
Materias:
Etiquetas: Agregar Etiqueta
Sin Etiquetas, Sea el primero en etiquetar este registro!

MARC

LEADER 00000nla a2200000 4500
001 0237324
005 20240502073830.8
041 0 |a slo 
044 |a SK 
245 1 0 |a Vplyv podnikateľského modelu a stratégie na výkon startupu  |c Ráchel Hagarová, Štefan Slávik 
520 |a Analýza vplyvu podnikateľského modelu a podnikateľskej stratégie na výkon startupu. Podnikateľský model a podnikateľská stratégia. 
610 2 0 |a start-up 
610 2 0 |a modely podnikateľské 
610 2 0 |a stratégia podnikateľská 
610 2 0 |a výkonnosť podniku 
610 2 0 |a výkony podnikové 
100 1 |a Hagarová, Ráchel, 1990- 
700 1 |a Slávik, Štefan, 1955-